Organizations
Bewaard in:
| Hoofdauteur: | |
|---|---|
| Formaat: | Boek |
| Taal: | Undetermined |
| Gepubliceerd in: |
New York
John Willey & Sons, Inc
1958
|
| Onderwerpen: | |
| Tags: |
Voeg label toe
Geen labels, Wees de eerste die dit record labelt!
|
| Thư viện lưu trữ: | Trung tâm Học liệu Trường Đại học Cần Thơ |
|---|
| LEADER | 00485nam a2200181Ia 4500 | ||
|---|---|---|---|
| 001 | CTU_90029 | ||
| 008 | 210402s9999 xx 000 0 und d | ||
| 082 | |a 658.01 | ||
| 082 | |b M315 | ||
| 100 | |a March, James G. | ||
| 245 | 0 | |a Organizations | |
| 245 | 0 | |c James G. Harch, Herbert A. Simon | |
| 260 | |a New York | ||
| 260 | |b John Willey & Sons, Inc | ||
| 260 | |c 1958 | ||
| 650 | |a Organization | ||
| 904 | |i Mai Loan,Hải | ||
| 980 | |a Trung tâm Học liệu Trường Đại học Cần Thơ | ||